书目信息 |
| 题名: |
元曲三百首
|
|
| 作者: | 张乃彬 译解 | |
| 分册: | ||
| 出版信息: | 北京 北京燕山出版社 2005.01 |
|
| 页数: | 10,319页 | |
| 开本: | 20cm | |
| 丛书名: | 课外必读推荐丛书 | |
| 单 册: | ||
| 中图分类: | I222.9 | |
| 科图分类: | ||
| 主题词: | 元曲--选集 , 元曲 | |
| 电子资源: | ||
| ISBN: | 7-5402-1668-9 | |
| 000 | 00873oam2 2200265 450 | |
| 001 | 003146564 | |
| 005 | 20070604090620.13 | |
| 010 | @a7-5402-1668-9@dCNY32.00 | |
| 100 | @a20060119d2005 em y0chiy0110 ea | |
| 101 | 0 | @achi |
| 102 | @aCN@b110000 | |
| 105 | @ay z 000gy | |
| 200 | 1 | @a元曲三百首@AYuan Qu San Bai Shou@f张乃彬译解@FZhang Nai Bin Yi Jie |
| 210 | @a北京@c北京燕山出版社@d2005.01 | |
| 215 | @a10,319页@d20cm | |
| 225 | 2 | @a课外必读推荐丛书@h第三辑@i古代诗词曲名篇选编 |
| 330 | @a本书收录了元好问的《后庭花破子》、《喜春来》、《骤雨打新荷》等,关汉卿的《四块玉》、《沉醉东风》、《大德歌》等。 | |
| 410 | 0 | @12001 @a课外必读推荐丛书@i古代诗词曲名篇选编 |
| 606 | 0 | @a元曲@j选集 |
| 606 | 0 | @a元曲 |
| 690 | @aI222.9@v4 | |
| 701 | 0 | @a张乃彬@AZhang Nai Bin@4译解 |
| 801 | 0 | @aCN@bNLC@c20070604 |
| 905 | @aBZT@dI222.9@e12 | |
| 906 | @dCNY32.00@n0@r1 | |
| 元曲三百首/张乃彬译解.-北京:北京燕山出版社,2005.01 |
| 10,319页;20cm.-(课外必读推荐丛书.第三辑.古代诗词曲名篇选编) |
| ISBN 7-5402-1668-9:CNY32.00 |
| 本书收录了元好问的《后庭花破子》、《喜春来》、《骤雨打新荷》等,关汉卿的《四块玉》、《沉醉东风》、《大德歌》等。 |
| ● |
| 相关链接 |
|
|
|
正题名:元曲三百首
索取号:I222.9/12
 
预约/预借
| 序号 | 登录号 | 条形码 | 馆藏地/架位号 | 状态 | 备注 |
| 1 | 529819 | 230134742 | 中心书库中库/打包BH1215/ [索取号:I222.9/12] | 在馆 | |
| 2 | 529820 | 230134741 | 中心书库中库/打包BH1215/ [索取号:I222.9/12] | 在馆 | |
| 3 | 529821 | 230134740 | 中心书库中库/打包BH1215/ [索取号:I222.9/12] | 在馆 | |
| 4 | 529822 | 230134739 | 中心书库中库/打包BH1215/ [索取号:I222.9/12] | 在馆 | |
| 5 | 529823 | 230134738 | 中心书库中库/打包BH1215/ [索取号:I222.9/12] | 在馆 | |
| 6 | 539789 | 230145627 | 中心书库中库/打包BH1215/ [索取号:I222.9/12] | 在馆 | |
| 7 | 539790 | 230145626 | 中心书库中库/打包BH1215/ [索取号:I222.9/12] | 在馆 | |
| 8 | 539791 | 230145625 | 中心书库中库/打包BH1215/ [索取号:I222.9/12] | 在馆 | |
| 9 | 539792 | 230145624 | 中心书库中库/打包BH1215/ [索取号:I222.9/12] | 在馆 | |
| 10 | 539793 | 230145623 | 中心书库中库/打包BH1215/ [索取号:I222.9/12] | 在馆 |